=LDR 00000nam 2200000 4500 =001 INLIS000000000002380 =005 20130612090724 =008 ***********************************Ind** =035 ##$$0010-061300000002380 =041 ##$$a Ind =082 ##$$a 959.82 =090 ##$$a 959.82, Ber p =100 ##$$a Berg,C.C =245 ##$$a Penulisan sejarah Jawa, C.C.Berg;Penerjemah,S.Gunawan =260 ##$$a 1985 $b Jakarta =300 ##$$a iv,187 hlm, 21 cm =650 ##$$a Jawa =650 ##$$a Sejarah =700 ##$$a Gunawan,S =850 ##$$a NBPNMAT